| 000 | 00800cam a22002535a 4500 | ||
|---|---|---|---|
| 001 | 13867365 | ||
| 005 | 20150810113901.0 | ||
| 008 | 050210s2005 enkad frb 000 0 eng d | ||
| 020 | _a0750666862 | ||
| 020 | _a9780750666862 | ||
| 040 |
_aDLC _beng _cDLC _dEG-ScBUE |
||
| 082 | 0 | 4 |
_a658.4022 _bLEA _222 |
| 245 | 0 | 0 | _aLeading teams. |
| 246 | _i | ||
| 260 |
_aOxford ; _aBurlington : _bElsevier Butterowrth-Heinemann : _beLearn : _bPergamon Flexible Learning, _c2005. |
||
| 300 |
_axiii, 110 p. : _bcharts, tables ; _c30 cm. |
||
| 490 | 0 | _aManagement extra | |
| 504 | _aBibliography : p. 109-110 | ||
| 650 | 0 |
_aIndustrial management. _2BUEsh |
|
| 651 | _2BUEsh | ||
| 653 |
_bBUSADM _cAugust2015 |
||
| 655 |
_vreading book _934232 |
||
| 942 |
_2ddc _k658.4022 LEA |
||
| 999 |
_c20403 _d20375 |
||